ბათუმის შოთა რუსთაველის სახელმწიფო უნივერსიტეტის ბიბლიოთეკა

An educator's guide to infant and toddler development : (ბიბ.ჩანაწერი № 58425)

000 -LEADER
fixed length control field 00783cam a22002178i 4500
001 - CONTROL NUMBER
control field 21193809
005 - DATE AND TIME OF LATEST TRANSACTION
control field 20221107114803.0
008 - FIXED-LENGTH DATA ELEMENTS--GENERAL INFORMATION
fixed length control field 190905s2020 nyu b 001 0 eng
020 ## - INTERNATIONAL STANDARD BOOK NUMBER
International Standard Book Number 9780367407230x
041 ## - LANGUAGE CODE
Language code of text/sound track or separate title eng
080 ## - UNIVERSAL DECIMAL CLASSIFICATION NUMBER
Universal Decimal Classification number 372 K-11
100 1# - MAIN ENTRY--PERSONAL NAME
Personal name Kaywork, Jennifer
9 (RLIN) 13466
245 13 - TITLE STATEMENT
Title An educator's guide to infant and toddler development :
Remainder of title understanding and responding appropriately /
Statement of responsibility, etc. Jennifer Kaywork.
264 #1 - PRODUCTION, PUBLICATION, DISTRIBUTION, MANUFACTURE, AND COPYRIGHT NOTICE
Place of production, publication, distribution, manufacture New York :
Name of producer, publisher, distributor, manufacturer Routledge,
Date of production, publication, distribution, manufacture, or copyright notice 2020.
300 ## - PHYSICAL DESCRIPTION
Extent 317 pages :
Other physical details ill.;
Dimensions 23 cm.
653 ## - INDEX TERM--UNCONTROLLED
keyword ჩვილები და ჩვილების განვითარება
653 ## - INDEX TERM--UNCONTROLLED
keyword პედაგოგიკა
653 ## - INDEX TERM--UNCONTROLLED
keyword развитие младенцев и малышей
653 ## - INDEX TERM--UNCONTROLLED
keyword Педагогика
942 ## - ADDED ENTRY ELEMENTS (KOHA)
Source of classification or shelving scheme
Koha item type წიგნი
ეგზემპლარები
Withdrawn status Lost status Source of classification or shelving scheme Damaged status Not for loan Permanent Location Current Location Shelving location Date acquired Cost, normal purchase price Full call number Barcode Date last seen Copy number Price effective from Koha item type Public note
          ბათუმის შოთა რუსთაველის სახელმწიფო უნივერსიტეტის მთავარი ბიბლიოთეკა ბათუმის შოთა რუსთაველის სახელმწიფო უნივერსიტეტის მთავარი ბიბლიოთეკა წიგნსაცავი 2022-01-26 90.00 372 K-11 62116 2022-01-26 62116 2022-01-26 წიგნი 90 ლ.